000 00896nmm a2200289 a 4500
001 ocm0002016310
003 TR-IsHL
005 20201028180340.0
008 181208s2015 tu tur
007 cr cn
020 _a9786059902137
035 _a2016310
_b(N$T)
050 0 4 _aPL248.M485
_bK36 2015
090 0 4 _aPL248.M485
_bK36 2015
100 1 _aMete, Mehlika
245 1 0 _aKan kırmızı
_h[electronic resource] /
_cMehlika Mete ; editör Bilge Ulusman
250 _a1. Baskı
260 _aİstanbul :
_bMaya Kitap,
_c2015
300 _a198 p.
650 4 _aDil ve Edebiyat
650 4 _aLanguage and Literature
650 0 _aTürk romanı
650 0 _aTurkish fiction
650 7 _aLITERARY COLLECTIONS / Middle Eastern
_2bisacsh
700 1 _aUlusman, Bilge
856 4 0 _uhttp://search.ebscohost.com/login.aspx?direct=true&scope=site&db=e011xww&AN=2016310
999 _c19099
_d19099